000
00288nam a22001337a 4500
008
170322b xxu||||| |||| 00| 0 eng d
020
_a
072166119X
041
_a
eng
080
_2
2ND
_a
616.9
100
_a
7
101
_a
SHM
245
_a
INFECTOUS DISEASES
_c
GORBACH
942
_2
udc
_c
BK
999
_c
8415
_d
8415